MARC

LEADER 00000nam0a2200000 4500
001 276024
005 20231101234900.0
020 |a RU  |b 86-1765 
035 |a (RuTPU)RU\TPU\book\299277 
090 |a 276024 
100 |a 20141118d1985 km y0rusy5003 ca 
101 0 |a rus 
102 |a RU 
105 |a a z 001zy 
200 1 |a Окисление металлов при сварке плавлением  |f Н. Н. Потапов 
210 |a Москва  |c Машиностроение  |d 1985 
215 |a 216 с.  |c ил. 
320 |a Библиогр.: с. 213-215 
606 1 |a Сварка плавлением  |2 stltpush  |3 (RuTPU)RU\TPU\subj\53939  |9 72103 
610 1 |a металлы 
610 1 |a физико-химические процессы 
610 1 |a окисление 
610 1 |a состав 
610 1 |a оксидные добавки 
610 1 |a сварные швы 
610 1 |a свойства 
675 |a 621.791.65  |z rus  |v 4 
700 1 |a Потапов  |b Н. Н.  |g Николай Николаевич  |4 070 
801 0 |a RU  |b RuMRKP  |c 19950704  |g psbo 
801 1 |a RU  |b 63413507  |c 20141118 
801 2 |a RU  |b 63413507  |c 20221209  |g RCR 
942 |c BK